000 00278nam a2200133Ia 4500
100 _aGodbole A.K./ kahate
942 _cBK
654 _aweb
245 _aWeb technologies
260 _bTata Mc Graw hill Ltd.
_c2003
082 _a4.65
_bGOD
546 _aENGLISH
999 _c31355
_d31355